| 000 | 00000nam##2200000za#4500 |
| 001 | 9.698316 |
| 003 | CaOODSP |
| 005 | 20240215150448 |
| 007 | cr ||||||||||| |
| 008 | 150407|2009||||xxc|||||o f|0| 0 eng|d |
| 040 | |aCaOODSP|beng |
| 043 | |an-cn--- |
| 086 | 1 |aPS84-30/2009E-PDF |
| 110 | 2 |aCorrectional Service Canada. |
| 245 | 10|aEvaluation report - Aboriginal community development officers / |h[electronic resource]|c[by] Evaluation Branch, Policy Sector. |
| 260 | |aOttawa - Ontario : |bCorrectional Service Canada |cDecember 2009. |
| 300 | |a83p.|bfigs., references, tables |
| 590 | |a13-18-Supp|b2013-08-01 |
| 690 | 07|aIndigenous programs|2gcpds |
| 690 | 07|aCommunity development|2gcpds |
| 775 | 08|tRapport d'évaluation - Agents de développement auprès de la collectivité autochtone / |w(CaOODSP)9.642329 |
| 856 | 40|ahttp://publications.gc.ca|qPDF|s646 KB|uhttps://publications.gc.ca/collections/collection_2013/scc-csc/PS84-30-2009-eng.pdf |
| 986 | |aFile #394-2-85 |